<?xml version="1.0" encoding="UTF-8"?>
<collection xmlns="http://www.loc.gov/MARC21/slim">
  <record>
    <leader>00000nam  2200000   4500</leader>
    <datafield tag="247" ind1="#" ind2="#">
      <subfield code="a"/>
    </datafield>
    <datafield tag="856" ind1="#" ind2="#">
      <subfield code="a"/>
    </datafield>
    <datafield tag="700" ind1=" " ind2="#">
      <subfield code="a"/>
    </datafield>
    <datafield tag="650" ind1=" " ind2="#">
      <subfield code="a">Pengembangan Pariwisata</subfield>
    </datafield>
    <datafield tag="520" ind1=" " ind2="#">
      <subfield code="a">Tahun 20241 Kementerian Pariwisata dan Ekonomi akan menerapkan Wonderful Indonesia Sustainable Experience Trips (WISE Trips) sebagai kebijakan nasional. Mengacu pada panduan dari Direktorat Wisata Minat khusus - Deputi Bidang Produk Wisata dan Penyelenggaraan Kegiatan. implementasi ini menggunakan Prinsip Pedoman Penerapan Blue, Green and Circular Economy (BGCE), dengan fokus pada perhitungan baseline dan diseminasi informasi kepada seluruh stakeholder Pariwisata, terutama sektor Akomodasi, Atraksi Wisata, dan Biro Perjalanan Wisata, terkait pentingnya isu emisi karbon pada sektor pariwisata.</subfield>
    </datafield>
    <datafield tag="321" ind1="#" ind2="#">
      <subfield code="a"/>
    </datafield>
    <datafield tag="310" ind1="#" ind2="#">
      <subfield code="a"/>
    </datafield>
    <datafield tag="300" ind1="#" ind2="#">
      <subfield code="a">31 hlm. :</subfield>
      <subfield code="b">ill. ;</subfield>
      <subfield code="c">30 cm</subfield>
      <subfield code="e"/>
    </datafield>
    <datafield tag="260" ind1="#" ind2="#">
      <subfield code="a">Jakarta :</subfield>
      <subfield code="b">Pusbangkom Pimnas dan Manajerial ASN. ;</subfield>
      <subfield code="c">2024</subfield>
    </datafield>
    <controlfield tag="001">$a INLIS000000000020852</controlfield>
    <datafield tag="245" ind1="#" ind2="#">
      <subfield code="a">Pengembangan Pariwisata Berkelanjutan Melalui Penerapan Wonderful Indonesia Sustainable Experience Trips</subfield>
      <subfield code="b">wajah baru kearifan lokal masyarakat Papua, menyambut Pangsa Pasar tren pariwisata global</subfield>
      <subfield code="c">Yusdi Nurdin Lamatenggo</subfield>
    </datafield>
    <datafield tag="100" ind1=" " ind2="#">
      <subfield code="a">Yusdi Nurdin Lamatenggo</subfield>
    </datafield>
    <datafield tag="084" ind1="#" ind2="#">
      <subfield code="a">R 0066 PKN I 2024</subfield>
    </datafield>
    <datafield tag="082" ind1="#" ind2="#">
      <subfield code="a"/>
    </datafield>
    <datafield tag="035" ind1="#" ind2="#">
      <subfield code="a">0010-0426000009</subfield>
    </datafield>
    <datafield tag="020" ind1="#" ind2="#">
      <subfield code="a"/>
    </datafield>
    <controlfield tag="008">$a 260413################g##########0#ind##</controlfield>
    <controlfield tag="005">$a 20260413142215</controlfield>
  </record>
</collection>
